Quiz of the Decade - Statistics

General Stats
  • This quiz has been taken 42 times
  • The average score is 7 of 15
Answer Stats
Hint Answer % Correct
In January 2017, this man was inaugurated as president of the USA Donald Trump
86%
Rapper Kanye West married what celebrity in 2014? Kim Kardashian
81%
Which country won the 2014 FIFA World Cup? Germany
72%
Haiti suffered a loss of approx 250,000 people to this natural disaster in 2010 Earthquake
64%
Psy created this internet phenomenon, the video went on to be the most watched ever Gangnam Style
61%
In which building did Will and Kate get married in 2011? Westminster Abbey
56%
What hugely popular device was first released in 2010? iPad
50%
Ashton Kutcher replaced Charlie Sheen on this TV series in 2011 Two and a Half Men
47%
Leonardo Di Caprio FINALLY won an Oscar for his role in this movie The Revenant
42%
Which band member split from the group and went on to record his first solo single, "I Won't Mind"? Zayn Malik
39%
What is the highest grossing movie of the decade? Avengers Endgame
33%
Which airplane carrier lost one of it's planes in 2014 without a trace? Malaysia Airlines
31%
Who directed the 2012 London Olympics opening ceremony? Danny Boyle
28%
This song was voted as the 'Song of the Decade' by Twitter users on a recent poll Uptown Funk
11%
Golf's Team Europe pulled off a "miracle" at which golf club in 2012, beating the USA in the Ryder Cup Medinah
3%
No matching quizzes found
Score Distribution
Percent of People with Each Score
Percentile by Number Answered
Your Score History
You have not taken this quiz